LIBRARY & INFORMATION CENTRE, KCAET, TAVANUR

ONLINE PUBLIC ACCESS CATALOGUE (OPAC)

First course in hygiene / (Record no. 2649)

MARC details
000 -LEADER
fixed length control field 00388cam a2200157ua 4500
041 ## - LANGUAGE CODE
Language code of text/sound track or separate title eng
082 ## - DEWEY DECIMAL CLASSIFICATION NUMBER
Classification number 613
Item number LYS/FI
100 ## - MAIN ENTRY--AUTHOR NAME
Personal name Lyster, R.A .
245 ## - TITLE STATEMENT
Title First course in hygiene /
250 ## - EDITION STATEMENT
Edition statement 11 /
260 ## - PUBLICATION, DISTRIBUTION, ETC. (IMPRINT)
Place of publication London :
Name of publisher University tutorial press Ltd ,
Year of publication 1962.
300 ## - PHYSICAL DESCRIPTION
Number of Pages 365 ; .
942 ## - ADDED ENTRY ELEMENTS (KOHA)
Koha item type Books
Holdings
Withdrawn status Lost status Damaged status Home library Current library Date acquired Full call number Accession Number Koha item type
Withdrawn     KAUAET Malayalam University 07/04/2012 613 3147 Books
free website counter